<?xml version="1.0" encoding="UTF-8"?>
<record
    xmlns:xsi="http://www.w3.org/2001/XMLSchema-instance"
    xsi:schemaLocation="http://www.loc.gov/MARC21/slim http://www.loc.gov/standards/marcxml/schema/MARC21slim.xsd"
    xmlns="http://www.loc.gov/MARC21/slim">

  <leader>02416nam a2200301 i 4500</leader>
  <controlfield tag="001">225307</controlfield>
  <controlfield tag="003">ES-MaBCM</controlfield>
  <controlfield tag="005">20240118084008.0</controlfield>
  <controlfield tag="008">230922s2023    sp ||||| |||| 00| 0 spa d</controlfield>
  <datafield tag="017" ind1=" " ind2=" ">
    <subfield code="a">V.1019-2023</subfield>
  </datafield>
  <datafield tag="020" ind1=" " ind2=" ">
    <subfield code="a">978-84-1147-024-7</subfield>
  </datafield>
  <datafield tag="035" ind1=" " ind2=" ">
    <subfield code="a">(OCoLC)1396684605</subfield>
  </datafield>
  <datafield tag="040" ind1=" " ind2=" ">
    <subfield code="c">ES-MaBCM</subfield>
  </datafield>
  <datafield tag="245" ind1="0" ind2="3">
    <subfield code="a">La crueldad en las constituciones y en los convenios internacionales</subfield>
    <subfield code="c">coordinadoras, Alicia GIl Gil, Ana Manero Salvador ; pr&#xF3;logo, Luis Arroyo Zapatero</subfield>
  </datafield>
  <datafield tag="260" ind1=" " ind2=" ">
    <subfield code="a">Valencia :</subfield>
    <subfield code="b">Tirant lo Blanch ,</subfield>
    <subfield code="c">2023</subfield>
  </datafield>
  <datafield tag="300" ind1=" " ind2=" ">
    <subfield code="a">268 p.</subfield>
    <subfield code="b"> : graf.</subfield>
    <subfield code="c"> ; 22 cm</subfield>
  </datafield>
  <datafield tag="490" ind1="0" ind2=" ">
    <subfield code="a">Abolici&#xF3;n de la pena de muerte</subfield>
  </datafield>
  <datafield tag="504" ind1=" " ind2=" ">
    <subfield code="a">Incluye referencias bibliogr&#xE1;ficas.</subfield>
  </datafield>
  <datafield tag="520" ind1=" " ind2=" ">
    <subfield code="a">La concepci&#xF3;n de la dignidad humana como un atributo jur&#xED;dico de todos los seres humanos que los hace libres e iguales es fruto de una laboriosa construcci&#xF3;n intelectual y pol&#xED;tica desde los viejos tiempos de la escuela de Salamanca. Pero van a ser los cr&#xED;menes horr&#xED;sonos vinculados a la Segunda Guerra Mundial, en especial el genocidio, el exterminio de razas y opciones pol&#xED;ticas y la experimentaci&#xF3;n sobre los seres humanos lo que golpea las conciencias de los aliados que ganan la guerra cuando tienen que discutir el orden jur&#xED;dico mundial nuevo. Ya en la Declaraci&#xF3;n Universal de los Derechos Humanos de 1948 y en las primeras Constituciones de postguerra, as&#xED; como en las Convenciones europea y americana se consagra la dignidad humana y la proscripci&#xF3;n de la tortura y de las penas y tratos crueles e inhumanos, instrumentada en la Convenci&#xF3;n contra ella de 1984. Su primer corolario fue la restricci&#xF3;n de la pena de muerte seguida de su progresiva abolici&#xF3;n o moratoria, pena que hoy se califica como pena cruel e inhumana, como aut&#xE9;ntica tortura.   Se puede proclamar as&#xED; que hoy la prohibici&#xF3;n de la pena capital es "ius cogens", sobre lo que se ha presentado por los autores de este libro en Berl&#xED;n en noviembre de 2022 un Manifiesto que se muestra como colof&#xF3;n de este libro.</subfield>
  </datafield>
  <datafield tag="650" ind1=" " ind2="7">
    <subfield code="9">59744</subfield>
    <subfield code="a">Pena de muerte</subfield>
  </datafield>
  <datafield tag="650" ind1=" " ind2="7">
    <subfield code="9">58347</subfield>
    <subfield code="a">Derecho penal internacional</subfield>
  </datafield>
  <datafield tag="650" ind1=" " ind2="7">
    <subfield code="9">58328</subfield>
    <subfield code="a">Derecho internacional humanitario</subfield>
  </datafield>
  <datafield tag="700" ind1="1" ind2=" ">
    <subfield code="9">18729</subfield>
    <subfield code="a">Gil Gil, Alicia</subfield>
  </datafield>
  <datafield tag="700" ind1="1" ind2=" ">
    <subfield code="9">72250</subfield>
    <subfield code="a">Manero Salvador, Ana</subfield>
  </datafield>
  <datafield tag="700" ind1="1" ind2=" ">
    <subfield code="9">2496</subfield>
    <subfield code="a">Arroyo Zapatero, Luis</subfield>
  </datafield>
  <datafield tag="856" ind1=" " ind2=" ">
    <subfield code="u">https://mpr.bage.es/cgi-bin/koha/opac-retrieve-file.pl?id=7172976d5e390de29df2936ecd312858</subfield>
    <subfield code="y">Acceso al &#xED;ndice</subfield>
  </datafield>
  <datafield tag="942" ind1=" " ind2=" ">
    <subfield code="c">BK</subfield>
    <subfield code="2">udc</subfield>
  </datafield>
  <datafield tag="999" ind1=" " ind2=" ">
    <subfield code="c">225307</subfield>
    <subfield code="d">225307</subfield>
  </datafield>
  <datafield tag="952" ind1=" " ind2=" ">
    <subfield code="0">0</subfield>
    <subfield code="1">0</subfield>
    <subfield code="2">udc</subfield>
    <subfield code="4">0</subfield>
    <subfield code="7">0</subfield>
    <subfield code="a">BC</subfield>
    <subfield code="b">BC</subfield>
    <subfield code="c">SALA</subfield>
    <subfield code="d">2023-09-29</subfield>
    <subfield code="e">C</subfield>
    <subfield code="i"> | </subfield>
    <subfield code="k"> | </subfield>
    <subfield code="l">0</subfield>
    <subfield code="o">62618</subfield>
    <subfield code="p">1075689</subfield>
    <subfield code="r">2023-09-29 00:00:00</subfield>
    <subfield code="w">2023-09-29</subfield>
    <subfield code="y">BK</subfield>
  </datafield>
</record>
